000
00324 a2200133 4500
005
20250629143837.0
020
_a
978-0-263-25545-4
082
_a
823.92 DIC
100
_a
DICKSON,H.
245
_a
Caught in Scandal's Storm
260
_a
Harlequin,
_b
Harlequin (UK) Limited,
_c
2015.
300
_a
384p.
_c
22cm
942
_2
ddc
_c
BKS
999
_c
6406
_d
6406